00408nam a22001337a 4500020001800000082001600018100002000034245003300054260005400087300000800141942000700149952010100156999001700257 a81-7435-122-5 a297.61AZI 2 aBadr, Azimabadi aGreat Personalities in Islam aNew DelhibAdam Publishers and Distributorsc2012 a596 cBK 00104070aHMIbHMIcGENd2017-12-08g400.00l0o297.61AZI 2p24834r2022-04-25w2017-12-08yBK c20803d20803